000 00591nam a22001937a 4500
005 20240229165455.0
010 _aENG-139349
020 _a9788192102320
_c795.00
035 _aEN-122881
037 _adpl
037 _bDBAD/PUB
082 _a347.779
100 _aBeer,Jeremy de
_962648
245 _aImplementing the World Intellectual Property Organizations Development Agenda/
_cBy Jeremy de Beer
_hEnglish
260 _aNew Delhi
_bBookwell Publication
_c2011
270 _bNew Delhi
_e110002
300 _axv,184p.
_c25cm(hbk)
942 _2ddc
_cEN
_h347.779
_mBEE
999 _c201168
_d201168